Agrárna politika v krajinách Európskeho spoločenstva.

Zvláštne črty agrárnej politiky krajín Európskeho spoločenstva zohľadnené už v prijatej zmluve ES. Tri základné princípy spoločného trhu a cenovej agrárnej politiky. Financovanie spoločnej agrárnej politiky v závislosti od realizovaných programov a dosiahnutej životnej úrovne členských štátov.

Salvato in:
Dettagli Bibliografici
Autore principale: Grofik, R.
Natura: Capitolo di libro
Lingua:slovacco
Soggetti:
Tags: Aggiungi Tag
Nessun Tag, puoi essere il primo ad aggiungerne!!

MARC

LEADER 00000naa a2200000 4500
001 r005452
005 20221125075804.0
041 0 |a slo 
044 |a [CS] 
245 1 0 |a Agrárna politika v krajinách Európskeho spoločenstva.  |c R. Grofik 
520 |a Zvláštne črty agrárnej politiky krajín Európskeho spoločenstva zohľadnené už v prijatej zmluve ES. Tri základné princípy spoločného trhu a cenovej agrárnej politiky. Financovanie spoločnej agrárnej politiky v závislosti od realizovaných programov a dosiahnutej životnej úrovne členských štátov. 
610 2 0 |a politika poľnohospodárska 
610 2 0 |a Európske spoločenstvá 
610 2 0 |a zmluvy medzinárodné 
610 2 0 |a trh medzinárodný 
610 2 0 |a úroveň životná 
610 2 0 |a financovanie 
100 1 |a Grofik, R.